| 000 | 00652nam a2200229 i 4500 | ||
|---|---|---|---|
| 001 | 74958 | ||
| 003 | ES-MaACL | ||
| 005 | 20230906172311.0 | ||
| 007 | t| | ||
| 008 | 040921s1980 sp ||||1| spa d | ||
| 020 | _a84-7339-486-0 | ||
| 080 | _a639.4/.5(460.11) | ||
| 100 | 1 |
_aGonzález Vidal, Manuel. _959020 |
|
| 245 | 1 | 3 |
_aEl conflicto en el sector marisquero de Galicia / _cManuel González Vidal. |
| 260 |
_aMadrid : _bAkal, _c1980. |
||
| 300 |
_a226 p. ; _c18 cm. |
||
| 490 | 1 |
_aArealonga ; _v45 |
|
| 650 | 4 |
_aMarisqueo- _zGalicia. _9175691 |
|
| 830 | 1 |
_aArealonga ; _v45 _9183473 |
|
| 852 | 4 |
_aES-MaACL _jE-5698 |
|
| 999 |
_c74958 _d74958 |
||